| 000 | 01327nam a2200325 c 4500 | ||
|---|---|---|---|
| 999 |
_c341797 _d341797 |
||
| 003 | BLK | ||
| 005 | 20240623004114.0 | ||
| 008 | 180911b bul|||||r ||||||| ||bul|| | ||
| 010 | _a001427 | ||
| 040 | _aBLK | ||
| 041 |
_aBUL _cBUL |
||
| 080 |
_aВазов, Иван _x92 _z886.7(092)92 |
||
| 100 | 1 |
_aКРЪСТЕВ, Т. и др. _eпърви автор _9397041 |
|
| 245 | 0 | 0 |
_aПоезията на Иван Вазов _bЖивот, личност, дело и избрани стихотворения, придружени с критични бележки |
| 260 |
_aСофия _bД. Гологанов _c1942 _fБр. Миладинови |
||
| 300 |
_a144 с _c21 см |
||
| 380 | _a82 | ||
| 490 | _aБиблиотека Родна и чужда лит | ||
| 490 |
_aЧастна колекция - Академик Михаил Арнаудов _gДарение - Основен фонд |
||
| 650 |
_aПисатели _9166332 |
||
| 650 |
_aБиографии _9148657 |
||
| 650 |
_aКритика _9159735 |
||
| 650 | 0 |
_aПисатели, български _9241944 |
|
| 655 |
_aбългарско литературознание _9396216 |
||
| 852 | _aМА 1001 | ||
| 942 |
_cKNG _n0 _s1 |
||
| 944 |
_aCR _c1996 _k _lCRON CRON |
||
| 999 | _d341797 | ||
| 999 | _d341797 | ||